[Event "AUT-chT 1999/2000"]
[Site "Melk"]
[Date "1999.10.25"]
[Round "4.5.1"]
[White "Movsesian, Sergei"]
[Black "Ribli, Zoltan"]
[Result "1/2-1/2"]
[WhiteElo "2659"]
[BlackElo "2579"]
[PlyCount "51"]
[EventDate "1999.10.25"]

1. e4 c5 2. Nf3 d6 3. d4 cxd4 4. Nxd4 Nf6 5. Nc3 a6 6. Be3 e6 7. g4 e5 8. Nf5
g6 9. g5 gxf5 10. exf5 d5 11. gxf6 d4 12. Bc4 Qc7 13. Qd3 dxe3 14. O-O-O exf2
15. Bxf7+ Kxf7 16. Qd5+ Ke8 17. f7+ Ke7 18. Qf3 Bh6+ 19. Kb1 Kf8 20. Qxf2 Nc6
21. Qh4 Bf4 22. Qf6 Qxf7 23. Qxh8+ Qg8 24. Qf6+ Qf7 25. Qh8+ Qg8 26. Qf6+
1/2-1/2

[Event "AUT-chT 1999/2000"]
[Site "Melk"]
[Date "1999.10.25"]
[Round "4.5.3"]
[White "Ganaus, Hannes"]
[Black "Herzog, Adolf"]
[Result "1-0"]
[WhiteElo "2344"]
[BlackElo "2399"]
[PlyCount "157"]
[EventDate "1999.10.25"]

1. d4 Nf6 2. c4 g6 3. Nc3 Bg7 4. e4 d6 5. Nf3 O-O 6. Be2 e5 7. O-O Nc6 8. d5
Ne7 9. a4 Nh5 10. Ra3 h6 11. g3 Bh3 12. Re1 f5 13. Kh1 Bg4 14. Ng1 Bxe2 15.
Ngxe2 a5 16. exf5 Nf6 17. fxg6 Ng4 18. Ne4 Nxf2+ 19. Nxf2 Rxf2 20. Nc3 Qe8 21.
Ne4 Rf8 22. Qh5 Rf5 23. Qg4 Qxg6 24. Qxg6 Nxg6 25. Kg2 Rf7 26. Rb3 b6 27. Rf1
Rxf1 28. Kxf1 Rf8+ 29. Ke2 Ne7 30. Rf3 Nf5 31. Be3 Nxe3 32. Rxf8+ Bxf8 33. Kxe3
Kf7 34. Nc3 Be7 35. Ke4 Kg6 36. Kf3 Kf5 37. Ne4 Bd8 38. g4+ Kg6 39. h3 Bh4 40.
Ke2 Kf7 41. Kd3 Ke7 42. b3 Kf7 43. Nd2 Bg5 44. Nf3 Kg6 45. Ke4 Kf6 46. h4 Bc1
47. Ng1 Bd2 48. Nf3 Bc1 49. Ne1 Bd2 50. Nd3 Bc3 51. Kf3 Kg6 52. Nf2 Be1 53. h5+
Kf7 54. Ne4 Bh4 55. Ke2 Ke7 56. Kd3 Kf7 57. Kc3 Ke7 58. Kb2 Kf7 59. Ka3 Be1 60.
Kb2 Bh4 61. Kc2 Kg7 62. Kd3 Kf7 63. c5 dxc5 64. Kc4 Ke7 65. d6+ cxd6 66. Kd5 b5
67. axb5 c4 68. Kxc4 Ke6 69. b6 Bd8 70. b7 Bc7 71. Nc3 Bb8 72. Nd5 Kf7 73. Kd3
Ke6 74. Ke4 Ba7 75. g5 hxg5 76. h6 Kf7 77. Kf5 g4 78. Kxg4 Kg6 79. Ne7+ 1-0

[Event "AUT-chT 1999/2000"]
[Site "Melk"]
[Date "1999.10.25"]
[Round "4.5.4"]
[White "Staudner, Oliver"]
[Black "Neubauer, Martin"]
[Result "0-1"]
[WhiteElo "2368"]
[BlackElo "2348"]
[PlyCount "92"]
[EventDate "1999.10.25"]

1. e4 e5 2. Nc3 Nf6 3. f4 d5 4. fxe5 Nxe4 5. Nf3 Nc6 6. Qe2 Bf5 7. d3 Nxc3 8.
bxc3 Be7 9. g3 Qd7 10. Bg2 O-O 11. O-O f6 12. Bf4 Rae8 13. Qd2 fxe5 14. Nxe5
Bc5+ 15. d4 Nxe5 16. dxc5 c6 17. Qd4 Nc4 18. Rfe1 Rxe1+ 19. Rxe1 Re8 20. Rxe8+
Qxe8 21. Kf2 Na3 22. Be5 Nxc2 23. Qf4 Qf7 24. Bd6 Qf6 25. Be5 Qf8 26. Bd6 Qf6
27. Be5 Qf7 28. Kg1 h6 29. h4 Ne1 30. Bb8 a6 31. Bf1 Qe6 32. Bd6 Bd3 33. Qf8+
Kh7 34. Bf4 Bxf1 35. Kxf1 Nd3 36. Bd2 Qf6+ 37. Qxf6 gxf6 38. Be3 h5 39. Ke2 Ne5
40. Bf4 Kg6 41. Ke3 Kf5 42. Kd4 Ng4 43. Bd6 Ne5 44. Be7 Kg4 45. c4 Nxc4 46.
Bxf6 Kxg3 0-1

[Event "AUT-chT 1999/2000"]
[Site "Melk"]
[Date "1999.10.25"]
[Round "4.5.5"]
[White "Neumeier, Klaus"]
[Black "Roth, Peter"]
[Result "0-1"]
[WhiteElo "2272"]
[BlackElo "2312"]
[PlyCount "113"]
[EventDate "1999.10.25"]

1. e4 c6 2. d4 d5 3. Nd2 dxe4 4. Nxe4 Nf6 5. Nxf6+ exf6 6. c3 Bd6 7. Bd3 O-O 8.
Qc2 g6 9. Bh6 Re8+ 10. Ne2 Qa5 11. Bd2 Na6 12. O-O Nc7 13. c4 Qh5 14. Nf4 Bxf4
15. Bxf4 Ne6 16. Be3 Ng7 17. Be2 Bg4 18. Bxg4 Qxg4 19. f3 Qd7 20. Bf2 Re6 21.
Rfd1 Rae8 22. d5 Re2 23. Rd2 Rxd2 24. Qxd2 cxd5 25. cxd5 b6 26. Rd1 Qd6 27. Qc3
Nh5 28. g3 f5 29. Qd4 Nf6 30. Be3 Qxd5 31. Kf2 Rd8 32. Qxd5 Rxd5 33. Rc1 Kg7
34. Rc7 Rd7 35. Rxd7 Nxd7 36. Bd4+ f6 37. Ke2 Kf7 38. a4 Ke6 39. f4 Kd5 40. Kd3
Nc5+ 41. Bxc5 Kxc5 42. Kc3 a6 43. h3 b5 44. axb5 axb5 45. h4 Kb6 46. Kc2 Ka5
47. Kb3 b4 48. Kc4 Ka4 49. Kc5 Kb3 50. Kb5 Kxb2 51. Kxb4 Kc2 52. Kc4 Kd2 53.
Kd5 Ke3 54. Ke6 Kf3 55. Kxf6 Kg4 56. Kg7 Kxg3 57. Kxh7 0-1

[Event "AUT-chT 1999/2000"]
[Site "Melk"]
[Date "1999.10.25"]
[Round "4.5.6"]
[White "Plank, Franz"]
[Black "Weissenbeck, Manuel"]
[Result "0-1"]
[WhiteElo "2264"]
[BlackElo "2221"]
[PlyCount "150"]
[EventDate "1999.10.25"]

1. d4 Nf6 2. Nf3 g6 3. Nc3 d5 4. Qd3 Bg7 5. e4 dxe4 6. Nxe4 Nbd7 7. Be2 O-O 8.
O-O b6 9. Nxf6+ Nxf6 10. Ne5 Bf5 11. Qd1 c5 12. c3 cxd4 13. Nc6 Qc7 14. Nxd4
Rfd8 15. Qa4 Be4 16. Be3 a6 17. Rad1 b5 18. Qa3 Nd5 19. Bc1 e5 20. Bf3 Bxf3 21.
Nxf3 h6 22. Ne1 e4 23. Nc2 a5 24. Qb3 Qc5 25. a4 Rab8 26. Ne3 Nc7 27. axb5 Qxb5
28. Qxb5 Nxb5 29. Nc4 a4 30. Bf4 Rxd1 31. Rxd1 Ra8 32. g4 a3 33. Nxa3 Nxc3 34.
Re1 Nd5 35. Rxe4 Bxb2 36. Nc2 Rc8 37. Nb4 Nf6 38. Re2 Bc1 39. Bxc1 Rxc1+ 40.
Kg2 Nxg4 41. h3 Nf6 42. Nd3 Rc3 43. Ne1 Nd5 44. Re4 g5 45. h4 Nf4+ 46. Kg1 Kg7
47. hxg5 hxg5 48. f3 Kg6 49. Kf2 Rb3 50. Rc4 f6 51. Rc2 Rb1 52. Ng2 Nd3+ 53.
Ke3 Rb3 54. Ke2 f5 55. Rd2 Nc1+ 56. Kf2 f4 57. Ne1 Kh5 58. Rc2 Rb1 59. Rd2 Nb3
60. Ra2 Nd4 61. Nc2 Nf5 62. Ra5 Nh4 63. Ne1 Rb2+ 64. Kg1 Re2 65. Kf1 Rd2 66.
Ra6 Nf5 67. Ra5 Ne3+ 68. Kg1 Kh4 69. Rb5 Re2 70. Nd3 Rg2+ 71. Kh1 Rd2 72. Ne5
Kh3 73. Rb1 Rh2+ 74. Kg1 Rg2+ 75. Kh1 Nf5 0-1

[Event "AUT-chT 1999/2000"]
[Site "Melk"]
[Date "1999.10.25"]
[Round "4.6.3"]
[White "Popovic, Petar"]
[Black "Gross, David"]
[Result "1-0"]
[WhiteElo "2473"]
[BlackElo "2427"]
[PlyCount "83"]
[EventDate "1999.10.25"]

1. e4 c5 2. Nf3 Nc6 3. d4 cxd4 4. Nxd4 Qc7 5. Nc3 e6 6. g3 a6 7. Bg2 Nf6 8. O-O
Bc5 9. Nxc6 dxc6 10. Na4 Be7 11. e5 Nd7 12. Re1 O-O 13. Bf4 b5 14. Nc3 Bb4 15.
Qg4 Bxc3 16. bxc3 Kh8 17. Qh5 Nc5 18. Bg5 Bb7 19. Rad1 Rae8 20. Rd4 f6 21. exf6
g6 22. Qd1 e5 23. Rd6 Re6 24. Rxe6 Nxe6 25. h4 Re8 26. Qg4 Nf8 27. h5 c5 28.
Bxb7 Qxb7 29. Bh6 Qf7 30. Bg7+ Kg8 31. Bxf8 Qxf8 32. Qg5 Qf7 33. hxg6 hxg6 34.
Rxe5 Rd8 35. Re7 Rd1+ 36. Kg2 Rd5 37. Rxf7 Rxg5 38. Ra7 Rd5 39. Rxa6 Rd2 40.
Rc6 Rxc2 41. Rxc5 b4 42. cxb4 1-0

[Event "AUT-chT 1999/2000"]
[Site "Melk"]
[Date "1999.10.25"]
[Round "4.6.4"]
[White "Proehl, Holger"]
[Black "Lau, Ralf"]
[Result "1/2-1/2"]
[WhiteElo "2389"]
[BlackElo "2502"]
[PlyCount "41"]
[EventDate "1999.10.25"]

1. e4 d5 2. exd5 Qxd5 3. Nc3 Qa5 4. Nf3 Nf6 5. h3 c5 6. d4 e6 7. Bd2 cxd4 8.
Nxd4 a6 9. Be2 Be7 10. O-O O-O 11. Bf3 Qc7 12. Qe2 Rd8 13. Be3 Nbd7 14. Rfe1
Nf8 15. Nb3 Bd7 16. Bd4 Bc6 17. Qc4 Rac8 18. Bxc6 Qxc6 19. Qxc6 Rxc6 20. Rad1
N8d7 21. Rd3 1/2-1/2

[Event "AUT-chT 1999/2000"]
[Site "Melk"]
[Date "1999.10.25"]
[Round "4.6.6"]
[White "Schiestl, Josef"]
[Black "Bawart, Markus"]
[Result "0-1"]
[WhiteElo "2204"]
[BlackElo "2395"]
[PlyCount "106"]
[EventDate "1999.10.25"]

1. e4 c5 2. Nf3 Nc6 3. d4 cxd4 4. Nxd4 Nf6 5. Nc3 e5 6. Ndb5 d6 7. Bg5 a6 8.
Na3 b5 9. Nd5 Be7 10. Bxf6 Bxf6 11. c3 O-O 12. Nc2 Bg5 13. a4 bxa4 14. Rxa4 a5
15. Bb5 Bd7 16. b4 Nxb4 17. Bxd7 Nxd5 18. Qxd5 Qxd7 19. Rxa5 Rxa5 20. Qxa5 Qg4
21. O-O Qxe4 22. Nb4 g6 23. Rd1 Rc8 24. Nd5 Kg7 25. Qa6 Rb8 26. Nb4 h5 27. Kf1
h4 28. f3 Qf4 29. h3 Qe3 30. Qxd6 Rd8 31. Nd5 Qxf3+ 32. gxf3 Rxd6 33. Ke2 Bd8
34. c4 Bb6 35. Ra1 f5 36. Kd3 g5 37. Ra6 Bc5 38. Ra5 Bd4 39. Ra2 Rd7 40. Ra5
Kf7 41. Ra6 Kg7 42. Ra2 Rb7 43. Rc2 Rb3+ 44. Ke2 Bc5 45. Ra2 g4 46. hxg4 fxg4
47. fxg4 h3 48. Ra1 h2 49. Rh1 Kg6 50. Kf1 Rb2 51. Nc3 Rf2+ 52. Ke1 Rg2 53. Ne2
Rg1+ 0-1

[Event "AUT-chT 1999/2000"]
[Site "Melk"]
[Date "1999.10.26"]
[Round "5.1.1"]
[White "Sermek, Drazen"]
[Black "Hertneck, Gerald"]
[Result "1/2-1/2"]
[WhiteElo "2550"]
[BlackElo "2571"]
[PlyCount "38"]
[EventDate "1999.10.26"]

1. e4 e6 2. d4 d5 3. Nd2 Nf6 4. Bd3 dxe4 5. Nxe4 Nbd7 6. Nf3 Nxe4 7. Bxe4 Nf6
8. Bd3 a6 9. O-O b6 10. Qe2 Bb7 11. Bg5 Be7 12. Bxf6 Bxf6 13. Be4 Bxe4 14. Qxe4
Qd5 15. Qxd5 exd5 16. Rfe1+ Kd7 17. Ne5+ Bxe5 18. Rxe5 c6 19. Rf1 Rhe8 1/2-1/2

[Event "AUT-chT 1999/2000"]
[Site "Melk"]
[Date "1999.10.26"]
[Round "5.1.2"]
[White "Tischbierek, Raj"]
[Black "Maiwald, Jens-Uwe"]
[Result "0-1"]
[WhiteElo "2544"]
[BlackElo "2507"]
[PlyCount "71"]
[EventDate "1999.10.26"]

1. e4 c5 2. Nf3 e6 3. d4 cxd4 4. Nxd4 a6 5. Nc3 b5 6. Bd3 d6 7. O-O Nf6 8. a4
b4 9. Na2 e5 10. Ne2 Nc6 11. Bg5 Be7 12. c3 bxc3 13. b4 O-O 14. Nexc3 Bg4 15.
Be2 Be6 16. Bxf6 Bxf6 17. Nd5 Nd4 18. Bc4 a5 19. Qd3 Bg5 20. bxa5 Rxa5 21. Nac3
Rc5 22. f4 Bh6 23. f5 Bd7 24. Kh1 Kh8 25. Bb5 Bc8 26. Ra2 g6 27. f6 Qa5 28. Qg3
Be6 29. Qh4 Bf4 30. Nxf4 exf4 31. Nd5 Bxd5 32. exd5 Rxb5 33. Qh6 Rg8 34. g4 Rb3
35. Qxf4 Qxd5+ 36. Kg1 0-1

[Event "AUT-chT 1999/2000"]
[Site "Melk"]
[Date "1999.10.26"]
[Round "5.1.3"]
[White "Gross, David"]
[Black "Ankerst, Michael"]
[Result "1/2-1/2"]
[WhiteElo "2427"]
[BlackElo "2353"]
[PlyCount "27"]
[EventDate "1999.10.26"]

1. e4 c5 2. Nf3 e6 3. d4 cxd4 4. Nxd4 Nf6 5. Nc3 Nc6 6. Ndb5 d6 7. Bf4 e5 8.
Bg5 a6 9. Na3 b5 10. Bxf6 gxf6 11. Nd5 Bg7 12. c3 f5 13. exf5 Bxf5 14. Nc2
1/2-1/2

[Event "AUT-chT 1999/2000"]
[Site "Melk"]
[Date "1999.10.26"]
[Round "5.1.4"]
[White "Opl, Klaus"]
[Black "Proehl, Holger"]
[Result "1/2-1/2"]
[WhiteElo "2330"]
[BlackElo "2389"]
[PlyCount "89"]
[EventDate "1999.10.26"]

1. d4 d5 2. c4 e6 3. Nc3 Nf6 4. Bg5 Be7 5. e3 Nbd7 6. Nf3 c6 7. Qc2 O-O 8. Rd1
Re8 9. a3 Qa5 10. Bd3 dxc4 11. Bxc4 Nb6 12. Ba2 Nbd5 13. O-O Nxc3 14. bxc3 Nd5
15. Bb1 g6 16. Bxe7 Rxe7 17. Rc1 e5 18. Nxe5 Qxa3 19. e4 Nf6 20. Qd2 Qd6 21.
Nc4 Qc7 22. e5 Ne8 23. f4 Ng7 24. Nd6 Bf5 25. Bxf5 Nxf5 26. Ne4 h5 27. Rf3 Rd8
28. Rh3 Re6 29. Qd3 b5 30. Nf6+ Rxf6 31. exf6 Qxf4 32. Rf1 Qg5 33. Ra1 b4 34.
Qc4 bxc3 35. Rxc3 Qxf6 36. h3 h4 37. Rxa7 Rxd4 38. Qf1 Rd2 39. Rd3 Qb2 40. Ra8+
Kh7 41. Rxd2 Qxd2 42. Qa1 Nd4 43. Kh1 Qf4 44. Re8 c5 45. Qe1 1/2-1/2

[Event "AUT-chT 1999/2000"]
[Site "Melk"]
[Date "1999.10.26"]
[Round "5.1.5"]
[White "Kleissl, Helmut"]
[Black "Druckenthaner, Andreas"]
[Result "0-1"]
[WhiteElo "2279"]
[BlackElo "2300"]
[PlyCount "57"]
[EventDate "1999.10.26"]

1. c4 f5 2. d4 Nf6 3. g3 g6 4. Bg2 Bg7 5. Nf3 O-O 6. O-O d6 7. d5 c6 8. Nc3 e5
9. dxe6 Bxe6 10. b3 Ne4 11. Nxe4 Bxa1 12. Bg5 Qd7 13. Qxa1 fxe4 14. Nd2 d5 15.
Bh6 Rf7 16. Bxe4 dxe4 17. Nxe4 Na6 18. Nf6+ Rxf6 19. Qxf6 Nc7 20. h4 Re8 21.
Rc1 Qe7 22. Qd4 c5 23. Qc3 Bf5 24. f3 Ne6 25. e3 Rd8 26. Qe5 Qc7 27. Bf4 Qxe5
28. Bxe5 Rd2 29. g4 0-1

[Event "AUT-chT 1999/2000"]
[Site "Melk"]
[Date "1999.10.26"]
[Round "5.2.2"]
[White "Loeffler, Stefan"]
[Black "Weinzettl, Ernst"]
[Result "1-0"]
[WhiteElo "2412"]
[BlackElo "2401"]
[PlyCount "69"]
[EventDate "1999.10.26"]

1. c4 c5 2. Nf3 Nf6 3. g3 e6 4. Bg2 d5 5. O-O Nc6 6. cxd5 Nxd5 7. d4 Nb6 8. Ne5
Bd7 9. dxc5 Bxc5 10. Nxc6 Bxc6 11. Bxc6+ bxc6 12. Qc2 Qe7 13. Nd2 O-O 14. Ne4
Bd4 15. Ng5 g6 16. Qxc6 Rac8 17. Qb5 Rc5 18. Qb4 Bf6 19. Ne4 Rc2 20. Nxf6+ Qxf6
21. Qa5 Rc7 22. Rb1 Rfc8 23. Bg5 Qf5 24. Qxf5 gxf5 25. Rfc1 Rc2 26. Kf1 Kf8 27.
Ke1 Na4 28. b3 Nb6 29. a4 Nd5 30. Kd1 Rxc1+ 31. Rxc1 Rb8 32. Kc2 Ke8 33. Rd1
Kd7 34. Rd4 f6 35. Bxf6 1-0

[Event "AUT-chT 1999/2000"]
[Site "Melk"]
[Date "1999.10.26"]
[Round "5.2.4"]
[White "Lau, Ralf"]
[Black "Staudner, Oliver"]
[Result "1/2-1/2"]
[WhiteElo "2502"]
[BlackElo "2368"]
[PlyCount "52"]
[EventDate "1999.10.26"]

1. e4 e6 2. d3 d5 3. Nd2 Nc6 4. Ngf3 Nf6 5. c3 g6 6. e5 Nd7 7. d4 f6 8. exf6
Qxf6 9. Bb5 Bg7 10. Nf1 Nd8 11. Bg5 Qf8 12. Qe2 c6 13. Ba4 Qd6 14. Bh4 Nf7 15.
Bg3 Qe7 16. Ne3 b5 17. Bb3 e5 18. Bh4 Bf6 19. Bxf6 Nxf6 20. Nxe5 Nxe5 21. dxe5
Qxe5 22. a4 bxa4 23. Bxa4 Bd7 24. Nc2 Qxe2+ 25. Kxe2 Ke7 26. f3 a5 1/2-1/2

[Event "AUT-chT 1999/2000"]
[Site "Melk"]
[Date "1999.10.26"]
[Round "5.2.5"]
[White "Roth, Peter"]
[Black "Penz, Harald"]
[Result "1/2-1/2"]
[WhiteElo "2312"]
[BlackElo "2403"]
[PlyCount "67"]
[EventDate "1999.10.26"]

1. e4 e5 2. Nf3 Nf6 3. Nxe5 d6 4. Nf3 Nxe4 5. d3 Nf6 6. d4 d5 7. Be2 Be7 8. O-O
O-O 9. Bg5 Bg4 10. h3 Bxf3 11. Bxf3 c6 12. Re1 Nbd7 13. c3 Re8 14. Nd2 h6 15.
Bxf6 Nxf6 16. Nf1 Bd6 17. Rxe8+ Qxe8 18. Ne3 Qe6 19. Qd3 Re8 20. Re1 Bf4 21.
Kf1 Ne4 22. Bxe4 Qxe4 23. Qxe4 Rxe4 24. Nd1 Rxe1+ 25. Kxe1 Kf8 26. Ke2 Ke7 27.
Kd3 g6 28. b3 h5 29. c4 dxc4+ 30. bxc4 Bc7 31. Nc3 Ba5 32. Ne4 b5 33. g4 hxg4
34. hxg4 1/2-1/2

[Event "AUT-chT 1999/2000"]
[Site "Melk"]
[Date "1999.10.26"]
[Round "5.2.6"]
[White "Bawart, Markus"]
[Black "Plank, Franz"]
[Result "1-0"]
[WhiteElo "2395"]
[BlackElo "2264"]
[PlyCount "81"]
[EventDate "1999.10.26"]

1. e4 d5 2. exd5 Qxd5 3. Nc3 Qa5 4. d4 Nf6 5. Nf3 Ne4 6. Bd3 Nxc3 7. bxc3 g6 8.
O-O Bg7 9. Re1 O-O 10. Rb1 Qxc3 11. Rb5 Qc6 12. Rxe7 Qd6 13. Re4 Nc6 14. Bf4
Qd8 15. Bg5 f6 16. Bc4+ Kh8 17. Rd5 Bd7 18. Ne5 Bf5 19. Rxd8 Nxd8 20. Re3 fxe5
21. dxe5 Ne6 22. Be7 Rf7 23. Bh4 g5 24. g4 Rd8 25. Qxd8+ Nxd8 26. Bxf7 Nxf7 27.
gxf5 Bxe5 28. Bg3 Bf6 29. Bxc7 Kg7 30. Rb3 Bd4 31. Rxb7 Kf6 32. Bb8 a5 33. a4
g4 34. Bf4 h5 35. Kg2 Ng5 36. Bxg5+ Kxg5 37. Rb5 h4 38. f3 gxf3+ 39. Kxf3 Bc3
40. h3 Kf6 41. Kg4 1-0

[Event "AUT-chT 1999/2000"]
[Site "Melk"]
[Date "1999.10.26"]
[Round "5.3.1"]
[White "Lautier, Joel"]
[Black "Movsesian, Sergei"]
[Result "1/2-1/2"]
[WhiteElo "2648"]
[BlackElo "2659"]
[PlyCount "25"]
[EventDate "1999.10.26"]

1. d4 d5 2. c4 c6 3. Nf3 Nf6 4. Nc3 a6 5. c5 Bf5 6. Qb3 Qc8 7. Bf4 Nbd7 8. h3
h6 9. e3 e6 10. Be2 Be7 11. O-O O-O 12. Na4 Bd8 13. Ne5 1/2-1/2

[Event "AUT-chT 1999/2000"]
[Site "Melk"]
[Date "1999.10.26"]
[Round "5.3.2"]
[White "Lehner, Oliver"]
[Black "Chernin, Alexandere"]
[Result "1-0"]
[WhiteElo "2401"]
[BlackElo "2606"]
[PlyCount "55"]
[EventDate "1999.10.26"]

1. e4 d6 2. d4 Nf6 3. Nc3 g6 4. Be3 c6 5. Qd2 (5. f3 Nbd7 6. g4 $1 Qb6 7. Qc1
$1 {/\ 8. d5, 8. h4, 8. e5!?} 7... Bg7 (7... Qc7 8. Qd2 {/\ g5, 0-0-0+/-}) 8.
Nge2 a6 $146 (8... c5 9. dxc5 dxc5 $16) 9. h4 $1 c5 10. h5 $1 Rg8 (10... gxh5
$2 11. g5 $16) 11. a3 $1 $16 {/\ dc5, b4, /\ Bg2, d5, h6, g5, f4|^} 11... Qc6
$5 (11... Qc7) 12. Bg2 b6 (12... b5 $5 $16 {<=>}) 13. Qd2 Bb7 14. Rg1 $1 {
/^h1-a8} 14... Qc7 15. h6 $1 $16 {()} 15... Bh8 16. g5 Nh5 17. O-O-O cxd4 (
17... O-O-O 18. Nd5 $5 $16) 18. Bxd4 Bxd4 19. Qxd4 $1 (19. Nxd4 Ne5 $132) 19...
Qc5 20. f4 $1 Qxd4 21. Rxd4 Nc5 (21... Nxf4 22. Nxf4 e5 23. Rxd6 {/\ Nd5+-})
22. Nd5 $1 Rc8 $5 23. Kb1 $1 b5 (23... Bxd5 24. exd5 {/\ Bf3+/-}) 24. Bf3 $1
Ne6 25. Rb4 Bc6 26. f5 $1 a5 27. Rb3 Nc5 28. Re3 $1 Kd8 {/\ e5} 29. Nd4 e6 {	}
30. Bxh5 $1 exd5 $8 31. fxg6 fxg6 32. Bg4 $1 Bd7 $8 33. exd5 Re8 34. Rxe8+ Kxe8
35. Re1+ Kf7 (35... Kd8 36. Nc6+ Rxc6 37. Bxd7 Rb6 38. Bc6 $18) 36. Bxd7 Nxd7
37. Nxb5 {1-0 Yudasin,L-Chernin,A/Pamplona 1991/Inf 53/[Yudasin,L] (37)}) 5...
b5 (5... Nbd7 6. f3 b5 7. g4 Nb6 8. b3 Qc7 9. Rd1 Bb7 10. g5 Nfd7 11. d5 b4 12.
dxc6 Bxc6 13. Nb5 Bxb5 14. Bxb5 Bg7 15. Ne2 O-O 16. O-O a6 17. Bd3 a5 18. f4
Rfc8 19. Nd4 Nc5 20. Qf2 Nbd7 21. f5 Ne5 22. Qh4 Qb7 23. f6 Bf8 24. Nf3 Ncxd3
25. cxd3 Rc2 26. d4 Nxf3+ 27. Rxf3 e6 28. Rh3 h6 29. gxh6 Kh7 30. Qg4 a4 31.
Rg3 Rxa2 32. h4 Qb5 33. d5 Qe2 34. Qxe2 Rxe2 35. bxa4 exd5 36. exd5 Rxa4 37.
Kf1 Rc2 38. Re1 b3 {0-1 Blatny,P-Chernin,A/Austria 1996/CBM 57 ext (38)}) 6.
Bd3 Nbd7 (6... Bg7 7. Bh6 Bxh6 8. Qxh6 e5 9. dxe5 dxe5 10. Nf3 Nbd7 11. O-O a6
12. a4 Rb8 13. axb5 axb5 14. h3 Ng8 15. Qd2 Ngf6 16. Qh6 Ng8 17. Qd2 Ngf6 18.
Qh6 {1/2-1/2 Arakhamia Grant,K-Chernin,A/Wien 1996 (18)}) 7. Nf3 e5 8. O-O a6
9. dxe5 dxe5 10. a4 Rb8 11. Rfd1 Be7 12. axb5 axb5 13. h3 O-O 14. Ne2 Qc7 15.
Ng3 Re8 16. Qc3 Bd6 17. Be2 Bb7 18. Rd2 Rbc8 19. Rad1 Bf8 20. b4 Kg7 21. Nh4
Nb8 22. Bg5 h6 {#} 23. Nhf5+ gxf5 24. Bxf6+ Kxf6 (24... Kg6 25. exf5+ Kh7 (
25... Kxf6 26. Nh5+ Kxf5 27. Qf3+ Kg6 28. Qg4+ Kh7 29. Nf6+ Kh8 30. Qg8#)) 25.
Nh5+ Ke7 (25... Kg6 26. Qg3+ Kh7 27. Nf6+ Kh8 28. Qg8#) 26. exf5 Nd7 27. Rxd7+
Qxd7 28. Qxe5+ 1-0

[Event "AUT-chT 1999/2000"]
[Site "Melk"]
[Date "1999.10.26"]
[Round "5.3.3"]
[White "Stanec, Nikolaus"]
[Black "Ganaus, Hannes"]
[Result "1-0"]
[WhiteElo "2495"]
[BlackElo "2344"]
[PlyCount "57"]
[EventDate "1999.10.26"]

1. c4 Nf6 2. Nc3 e5 3. g3 Nc6 4. Bg2 Bb4 5. Nd5 Bc5 6. e3 Nxd5 7. cxd5 Ne7 8.
b4 Bb6 9. Bb2 d6 10. d4 exd4 11. Bxd4 O-O 12. Ne2 Bg4 13. Bxb6 Bxe2 14. Qxe2
axb6 15. O-O Ra4 16. a3 Qd7 17. Rfc1 Rfa8 18. Rc3 Rxb4 19. Rac1 Qb5 20. Qxb5
Rxb5 21. Rxc7 Kf8 22. Rxb7 Nxd5 23. a4 Rba5 24. e4 Ne7 25. Rcc7 Re8 26. Bf1 Re5
27. Bb5 Rd8 28. Rxb6 Rxe4 29. Rbb7 1-0

[Event "AUT-chT 1999/2000"]
[Site "Melk"]
[Date "1999.10.26"]
[Round "5.3.5"]
[White "Luther, Thomas"]
[Black "Neumeier, Klaus"]
[Result "1-0"]
[WhiteElo "2508"]
[BlackElo "2272"]
[PlyCount "69"]
[EventDate "1999.10.26"]

1. e4 c5 2. Nf3 d6 3. d4 cxd4 4. Nxd4 Nf6 5. Nc3 g6 6. Be3 Bg7 7. f3 O-O 8. Qd2
Nc6 9. O-O-O Be6 10. Kb1 Rc8 11. Nxe6 fxe6 12. Bc4 Qd7 13. Bb3 b6 14. Bh6 Ne5
15. Bxg7 Kxg7 16. Rhe1 b5 17. f4 Nc4 18. Bxc4 Rxc4 19. e5 Ne8 20. exd6 exd6 21.
Ne4 d5 22. Nc5 Rxc5 23. Qd4+ Kg8 24. Qxc5 Rxf4 25. Rf1 Rxf1 26. Rxf1 Nd6 27.
Qf2 Nf7 28. h4 a5 29. Qf6 a4 30. g4 d4 31. h5 gxh5 32. gxh5 h6 33. Qg6+ Kf8 34.
Qxh6+ Ke8 35. Qg6 1-0

[Event "AUT-chT 1999/2000"]
[Site "Melk"]
[Date "1999.10.26"]
[Round "5.3.6"]
[White "Raubal, Martin"]
[Black "Teske, Henrik"]
[Result "0-1"]
[WhiteElo "2204"]
[BlackElo "2514"]
[PlyCount "44"]
[EventDate "1999.10.26"]

1. e4 Nc6 2. d4 d5 3. Nc3 e5 4. Bb5 dxe4 5. d5 a6 6. Ba4 b5 7. Nxb5 axb5 8.
Bxb5 Nge7 9. a4 Bb7 10. dxc6 Qxd1+ 11. Kxd1 O-O-O+ 12. Ke2 Nxc6 13. c3 f5 14.
Bg5 Rd6 15. Be3 f4 16. Bc5 Rg6 17. Bxf8 Rxf8 18. Kf1 Rd8 19. h4 Rd2 20. Ne2
Rxb2 21. h5 Rd6 22. Kg1 Na5 0-1

[Event "AUT-chT 1999/2000"]
[Site "Melk"]
[Date "1999.10.26"]
[Round "5.4.1"]
[White "Berndt, Stephan"]
[Black "Wells, Peter"]
[Result "1/2-1/2"]
[WhiteElo "2500"]
[BlackElo "2480"]
[PlyCount "27"]
[EventDate "1999.10.26"]

1. e4 e5 2. Nf3 Nc6 3. Bb5 a6 4. Ba4 Nf6 5. O-O Be7 6. Re1 b5 7. Bb3 d6 8. c3
O-O 9. d3 Na5 10. Bc2 c5 11. Nbd2 Re8 12. Nf1 h6 13. Ng3 Bf8 14. d4 1/2-1/2

[Event "AUT-chT 1999/2000"]
[Site "Melk"]
[Date "1999.10.26"]
[Round "5.4.2"]
[White "Rabiega, Robert"]
[Black "Polzin, Rainer"]
[Result "1/2-1/2"]
[WhiteElo "2471"]
[BlackElo "2472"]
[PlyCount "23"]
[EventDate "1999.10.26"]

1. e4 g6 2. d4 Bg7 3. c3 d6 4. Bc4 Nf6 5. Qe2 Nc6 6. Nf3 e5 7. dxe5 Nxe5 8.
Nxe5 dxe5 9. O-O Nh5 10. Qf3 O-O 11. Be3 Qh4 12. h3 1/2-1/2

[Event "AUT-chT 1999/2000"]
[Site "Melk"]
[Date "1999.10.26"]
[Round "5.4.3"]
[White "Schwarz, Michael"]
[Black "Lipinsky, Fabian"]
[Result "0-1"]
[WhiteElo "2374"]
[BlackElo "2339"]
[PlyCount "86"]
[EventDate "1999.10.26"]

1. g3 d5 2. Bg2 c6 3. d3 Nf6 4. Nd2 Bg4 5. Ngf3 Nbd7 6. O-O e5 7. h3 Bh5 8. e4
dxe4 9. dxe4 Bc5 10. Qe1 O-O 11. Nh4 Re8 12. Nc4 b5 13. Ne3 Qc7 14. Nhf5 a5 15.
a4 b4 16. g4 Bg6 17. Nc4 Nb6 18. Qe2 Nfd7 19. b3 Bxf5 20. exf5 Bd4 21. Rb1 Nd5
22. Bd2 e4 23. Rfe1 Nc5 24. Rbd1 Rad8 25. Kh1 Nc3 26. Bxc3 bxc3 27. Ne3 Qf4 28.
Kg1 h5 29. gxh5 Rd7 30. Qg4 Bxe3 31. fxe3 Qxg4 32. hxg4 Red8 33. Rd4 Rxd4 34.
exd4 Rxd4 35. Re3 Nxb3 36. Rxc3 Nd2 37. Rxc6 e3 38. g5 Kh7 39. Rc7 Rf4 40. f6
e2 41. g6+ fxg6 42. Re7 Ne4 43. hxg6+ Kh6 0-1

[Event "AUT-chT 1999/2000"]
[Site "Melk"]
[Date "1999.10.26"]
[Round "5.4.4"]
[White "Herndl, Harald"]
[Black "Danner, Georg"]
[Result "0-1"]
[WhiteElo "2342"]
[BlackElo "2407"]
[PlyCount "116"]
[EventDate "1999.10.26"]

1. d4 Nf6 2. c4 e6 3. Nc3 c5 4. e3 b6 5. Nf3 d6 6. Bd3 g6 7. dxc5 bxc5 8. Ne4
Bb7 9. Nxf6+ Qxf6 10. e4 Bg7 11. O-O Qe7 12. Bg5 Qc7 13. Qc1 O-O 14. Bh6 Nc6
15. Qf4 Rae8 16. Rae1 e5 17. Qh4 Bxh6 18. Qxh6 Re7 19. h4 f6 20. Nh2 Nd4 21. f4
Rg7 22. Rf2 f5 23. Nf1 fxe4 24. Bxe4 Bxe4 25. Rxe4 Rgf7 26. h5 gxh5 27. Ne3 Nf5
28. Qg5+ Rg7 29. Nd5 Qf7 30. Nf6+ Qxf6 31. Qxf6 Rxf6 32. fxe5 dxe5 33. Rxe5
Rgf7 34. Rxc5 h4 35. b4 h5 36. Re5 Ng3 37. Rxf6 Rxf6 38. Re1 Rf4 39. Rb1 Rxc4
40. a4 Kf7 41. a5 a6 42. b5 axb5 43. Rxb5 Rf4 44. Rb1 Ra4 45. Rb5 Ra2 46. Re5
Kf6 47. Rb5 Ne2+ 48. Kf1 Nf4 49. Kg1 Rxg2+ 50. Kh1 Ra2 51. Rc5 h3 52. Rb5 h4
53. Rc5 Kg6 54. Rc3 Kg5 55. a6 Ne2 56. Rxh3 Ra1+ 57. Kh2 Ng3 58. Kg2 Kg4 0-1

[Event "AUT-chT 1999/2000"]
[Site "Melk"]
[Date "1999.10.26"]
[Round "5.4.5"]
[White "Kotz, Heinz Peter"]
[Black "Ebner, Hubert"]
[Result "1-0"]
[WhiteElo "2260"]
[BlackElo "2245"]
[PlyCount "105"]
[EventDate "1999.10.26"]

1. e4 c5 2. Nf3 Nc6 3. Nc3 g6 4. d4 cxd4 5. Nxd4 Bg7 6. Be3 Nf6 7. Bc4 O-O 8.
Bb3 d6 9. f3 Bd7 10. Qd2 Nxd4 11. Bxd4 b5 12. O-O-O Bc6 13. g4 b4 14. Nd5 Bxd5
15. exd5 a5 16. Ba4 e5 17. dxe6 fxe6 18. Rhe1 e5 19. Bg1 Ne8 20. Bc6 Rc8 21.
Bb7 Rb8 22. Qd5+ Kh8 23. Ba7 Qg5+ 24. Kb1 Nf6 25. Qc6 Rbe8 26. Qxd6 e4 27. Be3
Qh4 28. g5 Nh5 29. Bxe4 Nf4 30. Bd4 Qxg5 31. Bc6 Rd8 32. Bxg7+ Kxg7 33. Re7+
Kh6 34. Rd7 Rc8 35. Be4 Qc5 36. Qd2 a4 37. Qd4 Qxd4 38. R1xd4 Rb8 39. Rb7 Rfd8
40. Rdd7 Rxb7 41. Rxd8 Rb5 42. Kc1 Rg5 43. Rb8 Rg2 44. Rxb4 a3 45. bxa3 Rxh2
46. a4 Rh1+ 47. Kb2 Rd1 48. a5 Rd7 49. Bc6 Rd6 50. Bb7 Kg5 51. a6 Ne6 52. Rc4
Rb6+ 53. Kc1 1-0